Statistics for Lethal Company Entities v50

Click here to take the quiz!

General Stats

  • This quiz has been taken 164 times
    (19 since last reset)
  • The average score is 13 of 27

Answer Stats

Entity% Correct
Coil-Head
82%
Bracken
73%
Forest Keeper
73%
Eyeless Dog
64%
Hoarding Bug
64%
Jester
64%
Manticoil
64%
Nutcracker
64%
Thumper
64%
Butler
55%
Roaming Locust
55%
Tulip Snake
55%
Baboon Hawk
45%
Earth Leviathan
45%
Ghost Girl
45%
Hygrodere
45%
Masked
45%
Snare Flea
45%
Spore Lizard
45%
Bunker Spider
36%
Mask Hornets
27%
Old Bird
27%
Spike Trap
27%
Circuit Bees
18%
Landmine
18%
Turret
18%
The Company Monster
0%

Score Distribution

Percentile by Number Answered

Percent of People with Each Score

Your Score History

You have not taken this quiz since the last reset